Innovative Management Tools under Conditions as a Tool for Improving Quality of Public Services

Gespeichert in:
Bibliographische Detailangaben
1. Verfasser: Jankelová, Nadežda, 1966-
Weitere Verfasser: Čajková, Andrea, Kováčová, Natália
Format: Buchkapitel
Sprache:Englisch
Schlagworte:
Tags: Tag hinzufügen
Keine Tags, Fügen Sie das erste Tag hinzu!

MARC

LEADER 00000nla a2200000 4500
001 0241883
005 20240502073934.2
041 0 |a eng 
044 |a SK 
245 1 0 |a Innovative Management Tools under Conditions as a Tool for Improving Quality of Public Services  |c Nadežda Jankelová, Andrea Čajková, Natália Kováčová 
610 2 0 |a riadenie strategické 
610 2 0 |a riadenie podnikové 
610 2 0 |a inovácia 
610 2 0 |a služby verejné 
610 2 0 |a kvalita 
610 2 0 |a nástroje riadenia 
100 1 |a Jankelová, Nadežda, 1966- 
700 1 |a Čajková, Andrea 
700 1 |a Kováčová, Natália